El Mercosur en el siglo XXI

Na minha lista:
Detalhes bibliográficos
Autor principal: Stahringer de Caramuti, Ofelia (Autor)
Formato: Livro
Idioma:espanhol
Publicado em: Buenos Aires Ciudad Argentina 1998
coleção:Biblioteca Mercosur
Assuntos:
Tags: Adicionar Tag
Sem tags, seja o primeiro a adicionar uma tag!

MARC

LEADER 00000nam a2200000 a 4500
001 UCI7897
003 CL-VaPUC
008 080731e19980000AG |||||||||||||||||spa|d
020 |a 9875070629 
082 0 4 |a 382.911  |b STA  |2 21 
100 0 |a Stahringer de Caramuti, Ofelia  |e author  |9 531291 
245 1 3 |a El Mercosur en el siglo XXI 
300 |a 591 p 
942 |c BK 
945 |d 20080731 00:00:00  |a rbrito 
260 |a Buenos Aires  |b Ciudad Argentina  |c 1998 
600 0 7 |a MERCOSUR  |2 CL-VaPUC  |9 330918 
650 7 |a COMERCIO INTERNACIONAL  |2 CL-VaPUC  |9 531292 
650 0 |a Tratados comerciales internacionales  |9 531293 
650 0 |a Integración económica  |9 255024 
650 0 |a Tratados de libre comercio (TLC)  |9 466055 
583 |a last modification  |c 20080731 00:00:00  |k Rodrigo Vera 
490 0 |a Biblioteca Mercosur 
999 |c 331026  |d 331024 
952 |0 0  |1 0  |4 0  |6 382_911000000000000_STA_1998  |7 0  |8 A  |9 417123  |a BIBDER  |b BIBDER  |d 2019-11-22  |i 4464923  |o 382.911 STA 1998  |p 4464923  |r 2023-01-25  |w 2019-11-22  |y BK  |k DER